[Event "11th LCC FIDE Open 2019"]
[Site "London"]
[Date "2019.11.30"]
[Round "3.1"]
[White "Aravindh, Chithambaram VR."]
[Black "Percivaldi, Martin"]
[Result "1-0"]
[WhiteElo "2605"]
[BlackElo "2384"]
[Annotator "RC"]
[PlyCount "137"]
[EventDate "2019.11.29"]
[EventType "swiss"]
[EventCountry "ENG"]
[SourceTitle "playchess.com"]
[Source "ChessBase"]
[SourceQuality "1"]
[TimeControl "40/5400+30:1800+30"]

1. e4 {[%emt 0:01:00]} e5 {[%emt 0:02:05]} 2. Nf3 {[%emt 0:00:22]} Nf6 {[%emt 0:00:55]} 3. Nxe5 {[%emt 0:02:04]} d6 {[%emt 0:00:09]} 4. Nf3 {[%emt 0:00:11]} Nxe4 {[%emt 0:00:11]} 5. c4 {[%emt 0:02:10]} Nc6 {[%emt 0:01:37]} 6. Nc3 {[%emt 0:01:25]} Nxc3 {[%emt 0:01:00]} 7. dxc3 {[%emt 0:00:05]} Be7 {[%emt 0:01:46]} 8. Bd3 {[%emt 0:02:20]} Be6 {[%emt 0:02:27]} 9. O-O {[%emt 0:04:00]} O-O {[%emt 0:02:38]} 10. Qc2 {[%emt 0:03:56]} h6 {[%emt 0:01:37]} 11. Bf4 {[%emt 0:00:32]} Qd7 {[%emt 0:05:02]} 12. Rad1 {[%emt 0:01:01]} Rad8 {[%emt 0:03:42]} 13. Rfe1 {[%emt 0:09:20]} Qc8 {[%emt 0:11:54]} 14. Bh7+ {[%emt 0:02:44]} Kh8 {[%emt 0:00:17]} 15. Be4 {[%emt 0:00:11]} Rfe8 {[%emt 0:04:55]} 16. b3 {[%emt 0:04:15]} Kg8 {[%emt 0:10:14]} 17. Re2 {[%emt 0:10:47]} Bf6 {[%emt 0:01:55]} 18. Rde1 {[%emt 0:00:32]} Ne7 {[%emt 0:05:46]} 19. Bd2 {[%emt 0:05:26]} Kf8 {[%emt 0:01:50]} 20. Nd4 {[%emt 0:09:35]} Bxd4 {[%emt 0:03:04]} 21. cxd4 {[%emt 0:00:13]} Bf5 {[%emt 0:01:00]} 22. d5 {[%emt 0:02:53]} Bxe4 {[%emt 0:01:01]} 23. Rxe4 {[%emt 0:00:05]} Ng6 {[%emt 0:00:39]} 24. Bc3 {[%emt 0:03:31]} Kg8 {[%emt 0:10:07]} 25. h3 {[%emt 0:10:55]} Qd7 {[%emt 0:02:12]} 26. Qe2 {[%emt 0:03:06]} Rxe4 {[%emt 0:00:30]} 27. Qxe4 {[%emt 0:00:03]} b6 {[%emt 0:00:59]} 28. Re3 {[%emt 0:01:59]} Rf8 {[%emt 0:06:40]} 29. Kh2 {[%emt 0:07:39]} Kh7 {[%emt 0:03:42]} 30. Qd4 {[%emt 0:01:52]} f6 {[%emt 0:02:28]} 31. Re6 {[%emt 0:02:51]} Rf7 {[%emt 0:06:08]} 32. Qd3 {[%emt 0:01:38]} f5 {[%emt 0:00:36]} 33. g3 {[%emt 0:00:26]} Nf8 {[%emt 0:00:46]} 34. Qe3 {[%emt 0:00:29]} a5 {[%emt 0:00:31]} 35. h4 {[%emt 0:01:54]} Ng6 {[%emt 0:02:12]} 36. h5 {[%emt 0:02:21]} Ne7 {[%emt 0:00:20]} 37. Qd3 {[%emt 0:01:38]} Qd8 {[%emt 0:00:12]} 38. Kg2 {[%emt 0:01:04]} Ng8 {[%emt 0:01:34]} 39. f4 {[%emt 0:00:14]} Kh8 {[%emt 0:01:24]} 40. Kf3 {[%emt 0:00:56]} Qf8 {[%emt 0:01:04]} 41. Qe3 {[%emt 0:09:24]} Rd7 {[%emt 0:05:41]} 42. g4 {[%emt 0:05:03]} fxg4+ {[%emt 0:01:55]} 43. Kxg4 {[%emt 0:00:07]} Qf7 {[%emt 0:08:38]} 44. Qe4 {[%emt 0:07:49]} Rd8 {[%emt 0:01:19]} 45. Rg6 {[%emt 0:01:35]} Rd7 {[%emt 0:04:10]} 46. Rxg7 {[%emt 0:00:44]} Qxg7+ {[%emt 0:00:08]} 47. Bxg7+ {[%emt 0:00:05]} Rxg7+ {[%emt 0:00:19]} 48. Kf3 {[%emt 0:00:04]} Rf7 {[%emt 0:00:22]} 49. Qg6 {[%emt 0:00:10]} Rf6 {[%emt 0:00:21]} 50. Qg4 {[%emt 0:00:05]} Rf7 {[%emt 0:00:15]} 51. Ke2 {[%emt 0:00:29]} Rg7 {[%emt 0:00:12]} 52. Qf5 {[%emt 0:00:25]} Re7+ {[%emt 0:00:27]} 53. Kd3 {[%emt 0:00:06]} Kg7 {[%emt 0:00:06]} 54. Kc3 {[%emt 0:00:28]} Rf7 {[%emt 0:00:15]} 55. Qg4+ {[%emt 0:00:08]} Kf8 {[%emt 0:00:14]} 56. Qc8+ {[%emt 0:00:57]} Kg7 {[%emt 0:00:07]} 57. Kb2 {[%emt 0:00:06]} Re7 {[%emt 0:00:59]} 58. Ka3 {[%emt 0:00:19]} Rf7 {[%emt 0:00:06]} 59. Ka4 {[%emt 0:00:12]} Re7 {[%emt 0:00:19]} 60. Kb5 {[%emt 0:00:10]} Rf7 {[%emt 0:00:06]} 61. Ka6 {[%emt 0:01:15]} Re7 {[%emt 0:00:51]} 62. Kb7 {[%emt 0:00:08]} Nf6 {[%emt 0:01:49]} 63. Qf5 {[%emt 0:00:11]} Ng8 {[%emt 0:00:06]} 64. Qg4+ {[%emt 0:00:12]} Kf8 {[%emt 0:00:19]} 65. Kc8 {[%emt 0:00:27]} Rg7 {[%emt 0:01:19]} 66. Qe6 {[%emt 0:00:56]} Re7 {[%emt 0:00:09]} 67. Qh3 {[%emt 0:00:05]} Rf7 {[%emt 0:00:35]} 68. Kd8 {[%emt 0:00:27]} Nf6 {[%emt 0:00:58]} 69. Qf5 {[%emt 0:00:40]} 1-0

[Event "11th LCC FIDE Open 2019"]
[Site "London"]
[Date "2019.11.30"]
[Round "3.2"]
[White "Beinoras, Mindaugas"]
[Black "Moussard, Jules"]
[Result "0-1"]
[WhiteElo "2350"]
[BlackElo "2600"]
[Annotator "TA"]
[PlyCount "56"]
[EventDate "2019.11.29"]
[EventType "swiss"]
[EventCountry "ENG"]
[SourceTitle "playchess.com"]
[Source "ChessBase"]
[SourceQuality "1"]

{[%evp 9,56,28,73,38,28,2,11,-14,24,26,45,58,75,28,37,22,47,50,58,43,88,42,47,0,0,0,0,0,1,0,7,0,0,-19,0,0,0,0,0,-32,-20,-74,-75,-154,-147,-592,-594,-775,-769]} 1. d4 f5 2. g3 Nf6 3. Bg2 d6 4. c3 c6 (4... Nc6 5. d5 Ne5 6. Nh3 g6 7. O-O Bg7 8. Nf4 O-O 9. Qb3 Kh8 10. Na3 Rb8 11. Nb5 c5 12. Nxa7 {0-1 (53) Fridman,D (2594)-Gurevich,M (2549) Nancy 2017}) 5. Nf3 Qc7 6. Bg5 $146 {A81: Dutch Defence: 2 g3} ({Predecessor:} 6. Nbd2 Nbd7 7. Ng5 Nb6 8. e4 h6 9. Nh3 g5 10. Qc2 Bd7 11. f3 fxe4 12. fxe4 e5 {1-0 (46) Hernando Pertierra,J (2376)-Vazquez Quiroga,M (2163) Madrid 2012}) 6... Ne4 7. Bf4 Nd7 8. Qb3 {The position is equal.} Ndf6 9. Nbd2 g6 10. Nxe4 Nxe4 11. Ng5 (11. Ne5 {feels hotter.} e6 12. Nd3 Bg7 13. Rd1 g5 14. Bc1) 11... Nxg5 $1 12. Bxg5 h6 13. Bd2 e5 14. e4 exd4 15. cxd4 Bg7 16. Bc3 {Black should prevent 0-0.} fxe4 17. Bxe4 Qf7 18. d5 {[#] Hoping for Bxg7.} Bxc3+ 19. bxc3 c5 20. O-O O-O 21. f4 b6 22. Qc2 Kg7 23. a4 Bd7 24. c4 Qf6 25. Kh1 (25. Kg2 $11 {remains equal.}) 25... Rae8 $17 {[%cal Ba8e8,Be8e7,Be7e4][%mdl 32]} 26. Rfe1 (26. a5 $142) 26... Re7 {Strongly threatening ...Rfe8.} 27. a5 $2 {[%mdl 8192]} (27. Bf3 $17 {is more resistant.}) 27... Rfe8 $19 28. axb6 {[#]} Rxe4 $1 {[%mdl 512] Accuracy: White = 35%, Black = 75%.} 0-1

[Event "11th LCC FIDE Open 2019"]
[Site "London"]
[Date "2019.11.30"]
[Round "3.3"]
[White "Praggnanandhaa R"]
[Black "Bates, Richard A"]
[Result "1-0"]
[WhiteElo "2586"]
[BlackElo "2342"]
[Annotator "RC"]
[PlyCount "79"]
[EventDate "2019.11.29"]
[EventType "swiss"]
[EventCountry "ENG"]
[SourceTitle "playchess.com"]
[Source "ChessBase"]
[SourceQuality "1"]
[TimeControl "40/5400+30:1800+30"]

1. e4 {[%emt 0:02:07]} c5 {[%emt 0:00:00]} 2. Nf3 {[%emt 0:01:12]} d6 {[%emt 0:00:00]} 3. d4 {[%emt 0:00:04]} cxd4 {[%emt 0:00:00]} 4. Nxd4 {[%emt 0:00:05]} Nf6 {[%emt 0:00:02]} 5. Nc3 {[%emt 0:00:03]} a6 {[%emt 0:00:10]} 6. g3 {[%emt 0:00:44]} e5 {[%emt 0:01:07]} 7. Nde2 {[%emt 0:00:26]} Nbd7 {[%emt 0:00:39]} 8. a4 {[%emt 0:01:35]} b6 {[%emt 0:00:44]} 9. Nd5 {[%emt 0:12:09]} Nxd5 {[%emt 0:10:21]} 10. Qxd5 {[%emt 0:00:48]} Rb8 {[%emt 0:00:47]} 11. Nc3 {[%emt 0:02:38]} Nc5 {[%emt 0:08:01]} 12. Bg2 {[%emt 0:05:54]} Be7 {[%emt 0:01:26]} 13. O-O {[%emt 0:03:43]} O-O {[%emt 0:07:15]} 14. Be3 {[%emt 0:01:20]} Kh8 {[%emt 0:02:53]} 15. Qd2 {[%emt 0:06:10]} f5 {[%emt 0:02:24]} 16. exf5 {[%emt 0:01:00]} Bxf5 {[%emt 0:00:29]} 17. Nd5 {[%emt 0:00:56]} Qd7 {[%emt 0:34:23]} 18. b4 {[%emt 0:04:36]} Ne4 {[%emt 0:01:30]} 19. Qe2 {[%emt 0:01:32]} Nf6 {[%emt 0:13:55]} 20. Nxb6 {[%emt 0:13:02]} Qc7 {[%emt 0:02:43]} 21. Qxa6 {[%emt 0:02:11]} Qxc2 {[%emt 0:00:06]} 22. Qa7 {[%emt 0:05:28]} Rbe8 {[%emt 0:03:07]} 23. Rac1 {[%emt 0:04:39]} Qb3 {[%emt 0:01:08]} 24. Rc7 {[%emt 0:11:19]} Qe6 {[%emt 0:01:55]} 25. a5 {[%emt 0:03:54]} Be4 {[%emt 0:01:57]} 26. Bxe4 {[%emt 0:02:12]} Nxe4 {[%emt 0:00:07]} 27. Qb7 {[%emt 0:01:14]} Nf6 {[%emt 0:02:17]} 28. Bg5 {[%emt 0:05:15]} e4 {[%emt 0:01:21]} 29. a6 {[%emt 0:03:45]} Qh3 {[%emt 0:00:54]} 30. Bxf6 {[%emt 0:01:23]} Bxf6 {[%emt 0:00:05]} 31. Nd7 {[%emt 0:00:46]} e3 {[%emt 0:01:32]} 32. Qg2 {[%emt 0:00:54]} exf2+ {[%emt 0:00:17]} 33. Kh1 {[%emt 0:00:07]} Qf5 {[%emt 0:01:26]} 34. Nxf8 {[%emt 0:00:57]} Re1 {[%emt 0:00:02]} 35. Rc1 {[%emt 0:00:51]} Bc3 {[%emt 0:00:07]} 36. a7 {[%emt 0:00:30]} Rxc1 {[%emt 0:00:03]} 37. Rxc1 {[%emt 0:01:02]} Be1 {[%emt 0:00:06]} 38. Ng6+ {[%emt 0:00:03]} hxg6 {[%emt 0:00:13]} 39. a8=Q+ {[%emt 0:00:05]} Kh7 {[%emt 0:00:05]} 40. Qa6 {[%emt 0:00:20]} 1-0

[Event "11th LCC FIDE Open 2019"]
[Site "London"]
[Date "2019.11.30"]
[Round "3.4"]
[White "Zujev, Oleg"]
[Black "Smirnov, Anton"]
[Result "0-1"]
[WhiteElo "2316"]
[BlackElo "2573"]
[Annotator "RC"]
[PlyCount "68"]
[EventDate "2019.11.29"]
[EventType "swiss"]
[EventCountry "ENG"]
[SourceTitle "playchess.com"]
[Source "ChessBase"]
[SourceQuality "1"]
[TimeControl "40/5400+30:1800+30"]

1. d4 {[%emt 0:00:00]} d5 {[%emt 0:03:07]} 2. c4 {[%emt 0:00:00]} c6 {[%emt 0:00:03]} 3. Nc3 {[%emt 0:00:00]} dxc4 {[%emt 0:00:04]} 4. e3 {[%emt 0:00:24]} b5 {[%emt 0:00:09]} 5. a4 {[%emt 0:00:17]} b4 {[%emt 0:00:04]} 6. Ne4 {[%emt 0:00:25]} Qd5 {[%emt 0:00:06]} 7. Ng3 {[%emt 0:00:34]} Nf6 {[%emt 0:00:25]} 8. Be2 {[%emt 0:01:14]} e5 {[%emt 0:00:26]} 9. Nf3 {[%emt 0:02:33]} exd4 {[%emt 0:00:12]} 10. exd4 {[%emt 0:00:38]} Bd6 {[%emt 0:00:06]} 11. Nf1 {[%emt 0:02:09]} c3 {[%emt 0:00:43]} 12. bxc3 {[%emt 0:03:09]} Ne4 {[%emt 0:00:07]} 13. c4 {[%emt 0:05:47]} Qe6 {[%emt 0:00:02]} 14. Bb2 {[%emt 0:03:43]} O-O {[%emt 0:09:56]} 15. Ne3 {[%emt 0:08:06]} Bf4 {[%emt 0:05:52]} 16. Qb3 {[%emt 0:06:36]} Re8 {[%emt 0:06:19]} 17. Ne5 {[%emt 0:23:23]} Nd7 {[%emt 0:09:36]} 18. Bg4 {[%emt 0:10:21]} Qh6 {[%emt 0:06:11]} 19. Bxd7 {[%emt 0:10:16]} Bxd7 {[%emt 0:00:39]} 20. Qd3 {[%emt 0:00:55]} Bxe5 {[%emt 0:08:15]} 21. dxe5 {[%emt 0:00:09]} Qf4 {[%emt 0:00:43]} 22. O-O {[%emt 0:01:25]} Rad8 {[%emt 0:03:26]} 23. Rad1 {[%emt 0:01:31]} h6 {[%emt 0:01:29]} 24. a5 {[%emt 0:02:09]} Bg4 {[%emt 0:07:56]} 25. Qxd8 {[%emt 0:00:58]} Rxd8 {[%emt 0:00:01]} 26. Rxd8+ {[%emt 0:00:08]} Kh7 {[%emt 0:00:02]} 27. Nxg4 {[%emt 0:02:35]} Qxg4 {[%emt 0:01:15]} 28. f3 {[%emt 0:02:32]} Qg5 {[%emt 0:00:03]} 29. Rd3 {[%emt 0:00:43]} Nc5 {[%emt 0:00:07]} 30. f4 {[%emt 0:02:25]} Qf5 {[%emt 0:00:07]} 31. Rd6 {[%emt 0:04:40]} Nd3 {[%emt 0:01:27]} 32. Bd4 {[%emt 0:03:14]} c5 {[%emt 0:00:27]} 33. Be3 {[%emt 0:00:37]} Qe4 {[%emt 0:00:40]} 34. Rf3 {[%emt 0:01:04]} b3 {[%emt 0:00:07]} 0-1

[Event "11th LCC FIDE Open 2019"]
[Site "London"]
[Date "2019.11.30"]
[Round "3.5"]
[White "Fodor, Tamas Jr."]
[Black "Risting, Eivind Olav"]
[Result "1/2-1/2"]
[WhiteElo "2533"]
[BlackElo "2298"]
[Annotator "TA"]
[PlyCount "109"]
[EventDate "2019.11.29"]
[EventType "swiss"]
[EventCountry "ENG"]
[SourceTitle "playchess.com"]
[Source "ChessBase"]
[SourceQuality "1"]

{[%evp 9,109,12,35,27,35,28,38,27,35,38,30,18,43,23,27,22,16,19,24,0,0,0,0,0,24,5,8,-23,-4,-11,-6,-7,-8,-50,0,-51,-52,-61,-36,-60,-61,-46,-52,-42,-38,-34,-49,-101,-108,-114,-125,-100,-119,-102,-14,-10,-9,-9,-13,-12,0,0,0,0,73,43,33,41,93,47,67,67,67,67,67,67,67,67,67,67,67,67,70,23,31,15,56,0,0,0,0,0,0,0,0,0,0,0,0,0,0,0]} 1. c4 e5 2. Nc3 Nc6 3. g3 Bc5 4. Bg2 d6 5. e3 a6 6. Nge2 {A25: English Opening vs King's Indian with ...Nc6 but without early d3} Ba7 7. d4 (7. Rb1 h5 8. h4 Nf6 9. b4 Ng4 10. d4 Bf5 11. Rb2 Nf6 12. O-O {0-1 (65) Aravindh,C (2598)-Firouzja,A (2682) Xingtai 2019}) 7... Nf6 8. O-O {White is slightly better.} O-O 9. b3 Re8 10. Bb2 Bf5 11. dxe5 $146 ({Predecessor:} 11. Nd5 e4 12. Nec3 Nxd5 13. Nxd5 {1-0 (60) Hill,A (2224)-Rydstrom,T (2314) Gothenburg 2019}) 11... Nxe5 12. Nd5 c6 13. Nxf6+ Qxf6 14. Nd4 Bd3 15. Re1 {And now f4 would win.} Bg6 16. Bc3 Nd3 17. Rf1 Qe7 18. a3 Rad8 19. Ra2 Nc5 20. Ba1 Ne4 21. Qf3 (21. h4 $5 {[%cal Rh4h5]}) 21... Bxd4 22. Bxd4 (22. exd4 $11 d5 23. cxd5) 22... c5 23. Ba1 $1 d5 24. cxd5 Rxd5 25. Qe2 Red8 26. b4 R5d7 27. bxc5 Nxc5 28. Qg4 {[#]} ({White should try} 28. Qe1 $15) 28... h5 $1 $17 {[%cal Rh5g4]} 29. Qb4 {[#]} Qe6 $1 {[%cal Re6a2]} 30. Qc3 {[%csl Ga1][%cal Rc3g7]} f6 31. Rb2 Na4 (31... Bd3 $17 32. Re1 (32. Qxc5 Bxf1 33. Bxf1 Rd1 $17) 32... Ne4) 32. Qb3 $11 Qxb3 33. Rxb3 b5 34. Bd4 $1 Bc2 35. Rb4 Rb8 36. Rc1 $36 {[%mdl 2048] White is pushing.} a5 (36... Rc7 $11 {keeps the balance.}) 37. Rxc2 (37. Rxb5 $5 Rxb5 38. Rxc2 $14) 37... axb4 38. axb4 Rbd8 ({Better is} 38... Kh7 $14) 39. Be4 Kf7 40. Bd3 Rxd4 41. exd4 Rxd4 $14 {[%mdl 4160] Endgame Double Attack. KRB-KRN} 42. Rc7+ Ke6 43. Bxb5 Rxb4 44. Be8 h4 45. Rxg7 hxg3 46. fxg3 {Strongly threatening h4.} Nc5 47. h4 {Hoping for h5.} Ne4 48. g4 (48. Bc6 $14) 48... Ke5 $11 {The position is equal.} 49. Bc6 Kf4 50. Bxe4 Rxe4 51. h5 Re1+ 52. Kf2 Rh1 53. Kg2 Rh4 54. Rg6 f5 55. gxf5 {Accuracy: White = 68%, Black = 61%.} 1/2-1/2

[Event "11th LCC FIDE Open 2019"]
[Site "London"]
[Date "2019.11.30"]
[Round "3.6"]
[White "Cox, John J"]
[Black "Grover, Sahaj"]
[Result "0-1"]
[WhiteElo "2306"]
[BlackElo "2508"]
[Annotator "TA"]
[PlyCount "70"]
[EventDate "2019.11.29"]
[EventType "swiss"]
[EventCountry "ENG"]
[SourceTitle "playchess.com"]
[Source "ChessBase"]
[SourceQuality "1"]

{[%evp 17,70,-11,-3,-9,-3,-18,0,-41,-22,-22,-11,-11,19,14,11,14,0,16,6,0,0,0,14,0,0,-9,-13,-26,-10,-18,-18,-26,-18,-30,-22,-26,-8,-26,-26,-58,-57,-68,-41,-41,-37,-93,-79,-178,-81,-1697,-1608,-6223,-6199,-6199,-5314]} 1. c4 c5 2. g3 g6 3. Bg2 Bg7 4. Nc3 Nc6 5. d3 e6 6. Nf3 Nge7 7. O-O O-O 8. Bg5 h6 9. Bd2 d5 10. a3 {A37: Symmetrical English vs ...g6: 4 Bg2 Bg7 5 Nf3} b6 11. Rb1 Bb7 12. b4 {The position is equal.} dxc4 13. dxc4 cxb4 14. axb4 Nf5 $146 (14... Rc8 15. c5 bxc5 16. bxc5 Na5 {½-½ (25) Dubov,D (2700)-Duda,J (2729) Paris 2019}) ({Predecessor:} 14... Rc8 15. Qc1 {½-½ (69) Makarov,M (2560)-Shushpanov,V (2385) St Petersburg 1996}) 15. Qc1 Rc8 16. c5 bxc5 17. bxc5 Ba8 18. g4 Nh4 19. Bxh6 Nd4 20. Bxg7 Ndxf3+ 21. exf3 {aiming for Qh6.} Kxg7 22. Qe3 Qc7 23. Ne4 Bxe4 24. Qxe4 Qxc5 25. Rb7 Rc7 26. Rxc7 Qxc7 27. f4 Rd8 28. Rb1 a5 {[%cal Ba7a5,Ba5a4][%mdl 32]} 29. h3 Rd2 30. Qe3 Qd6 31. Bf1 ({White should try} 31. Ra1 $15) 31... a4 32. Rb7 {[#]} (32. Qc3+ $17 {is a better defense.} Qd4 33. Qa1) 32... Rd1 $40 {[%mdl 128] Black is out for blood.} (32... Kg8 $1 $19 {Threatens to win with ...Rd1.} 33. Rb6 Qd8) 33. Ra7 $2 {[%mdl 8192] [#]} (33. Qc3+ $17 Qd4 34. Qxd4+ Rxd4 35. Ra7) 33... Rxf1+ $1 $19 {[%mdl 576] Clearance. Black is clearly winning.} 34. Kxf1 Qd1+ 35. Qe1 Qd3+ {[%mdl 64] Double Attack. Accuracy: White = 30%, Black = 64%.} 0-1

[Event "11th LCC FIDE Open 2019"]
[Site "London"]
[Date "2019.11.30"]
[Round "3.7"]
[White "Gordon, Stephen J"]
[Black "Van Zyl-Rudd, Jack"]
[Result "1-0"]
[WhiteElo "2505"]
[BlackElo "2290"]
[Annotator "TA"]
[PlyCount "97"]
[EventDate "2019.11.29"]
[EventType "swiss"]
[EventCountry "ENG"]
[SourceTitle "playchess.com"]
[Source "ChessBase"]
[SourceQuality "1"]

{[%evp 14,97,0,0,4,-4,0,-9,42,70,39,39,39,36,48,65,66,56,61,64,71,72,79,79,85,82,83,79,82,76,88,86,99,92,109,102,164,170,165,166,166,166,160,110,137,136,196,169,193,191,177,178,183,184,268,260,350,350,350,350,350,338,335,314,306,281,347,311,934,919,781,889,770,839,647,627,1608,1112,1009,833,833,833,737,648,1722,1660]} 1. c4 e6 2. Nf3 d5 3. e3 Nf6 4. Nc3 c5 5. cxd5 exd5 6. d4 Nc6 7. Bb5 cxd4 8. Nxd4 Bd7 {D32: Tarrasch Defence: Sidelines and lines without g3} 9. Nf3 (9. O-O Bd6 10. Nf3 Bg4 11. Be2 O-O 12. h3 Bh5 13. b3 Qa5 14. Bb2 Rad8 15. Nd4 Nxd4 16. Bxh5 Nc6 17. Be2 {0-1 (24) Vitiugov,N (2727)-Grischuk,A (2766) Riga 2019}) 9... Bb4 10. Bd2 Ne4 $146 (10... O-O $11) ({Predecessor:} 10... O-O 11. O-O Bd6 12. h3 a6 13. Bd3 Qe7 14. Qe2 Rfe8 15. Rfd1 Rad8 16. Qf1 {0-1 (64) Brown,M (2512)-Bruzon Batista,L (2646) Philadelphia 2018}) 11. O-O (11. Bxc6 {with more complications.} Bxc6 12. Nxe4 dxe4 13. Nd4 Qb6 14. O-O) 11... Nxc3 12. Bxc3 Bxc3 13. bxc3 Ne7 14. Bxd7+ Qxd7 15. Ne5 Qd6 16. Qa4+ Nc6 17. Nxc6 bxc6 18. c4 O-O 19. Rfd1 Rfb8 20. cxd5 cxd5 21. Rd2 Rb4 22. Qa5 Rab8 23. Rad1 Rb1 24. Qxa7 Qb4 (24... h6 $16 {was worth a try.}) 25. h3 $18 Qxd2 {[#]} 26. Qxb8+ $1 {[%mdl 512]} Rxb8 27. Rxd2 {[%mdl 4096] Endgame KR-KR} Kf8 28. Rd1 Ke7 29. a4 {[%cal Ba2a4,Ba4a5,Ba5a6][%mdl 32]} Rb4 (29... Kd6 $16 {was necessary.} 30. e4 Rb4) 30. Ra1 ({But not} 30. Rxd5 $6 Rxa4 31. Rb5 Ra7 $16) 30... Kd6 31. a5 Kc7 32. a6 {Strongly threatening a7.} Kb8 {[#]} 33. Ra5 $1 d4 (33... Ka7 {might work better.} 34. Rxd5 Kxa6) 34. exd4 Rxd4 35. Rb5+ Ka8 36. Rb7 Rf4 37. g3 Rf6 38. Re7 g5 39. a7 h6 40. Kg2 Rf5 $2 (40... h5 41. Re5 Rg6) 41. g4 {White is clearly winning.} Rf4 42. Kg3 Rf6 43. f3 Rf4 44. h4 Rf6 {and the idea ...gxh4+ leaves Black hopeful.} 45. h5 Rf4 46. Rc7 Rf6 47. Rd7 Rf4 48. Rd6 f6 49. Ra6 {Accuracy: White = 78%, Black = 46%.} 1-0

[Event "11th LCC FIDE Open 2019"]
[Site "London"]
[Date "2019.11.30"]
[Round "3.8"]
[White "Cumming, Rhys"]
[Black "Petrov, Martin"]
[Result "0-1"]
[WhiteElo "2284"]
[BlackElo "2497"]
[Annotator "RC"]
[PlyCount "60"]
[EventDate "2019.11.29"]
[EventType "swiss"]
[EventCountry "ENG"]
[SourceTitle "playchess.com"]
[Source "ChessBase"]
[SourceQuality "1"]
[TimeControl "40/5400+30:1800+30"]

1. e4 {[%emt 0:03:18]} c5 {[%emt 0:00:00]} 2. Nf3 {[%emt 0:00:22]} d6 {[%emt 0:01:48]} 3. Bb5+ {[%emt 0:00:41]} Nd7 {[%emt 0:00:29]} 4. O-O {[%emt 0:00:36]} a6 {[%emt 0:00:14]} 5. Bd3 {[%emt 0:00:22]} Ngf6 {[%emt 0:00:07]} 6. Re1 {[%emt 0:00:43]} e6 {[%emt 0:00:07]} 7. c3 {[%emt 0:03:34]} b5 {[%emt 0:01:55]} 8. a4 {[%emt 0:06:26]} c4 {[%emt 0:13:53]} 9. Bc2 {[%emt 0:01:12]} Bb7 {[%emt 0:00:06]} 10. axb5 {[%emt 0:05:28]} axb5 {[%emt 0:00:02]} 11. Rxa8 {[%emt 0:00:08]} Qxa8 {[%emt 0:00:05]} 12. Na3 {[%emt 0:01:40]} Bxe4 {[%emt 0:02:28]} 13. Bxe4 {[%emt 0:07:13]} Nxe4 {[%emt 0:00:06]} 14. Nxb5 {[%emt 0:22:22]} Qb7 {[%emt 0:02:46]} 15. Qa4 {[%emt 0:06:32]} d5 {[%emt 0:02:59]} 16. Rxe4 {[%emt 0:01:14]} dxe4 {[%emt 0:00:07]} 17. Ne5 {[%emt 0:00:14]} Bc5 {[%emt 0:18:53]} 18. Nxd7 {[%emt 0:15:25]} Kxd7 {[%emt 0:02:38]} 19. d4 {[%emt 0:04:56]} Ra8 {[%emt 0:06:26]} 20. Na7+ {[%emt 0:05:11]} Ke7 {[%emt 0:01:23]} 21. dxc5 {[%emt 0:00:17]} Qxa7 {[%emt 0:03:09]} 22. Qxc4 {[%emt 0:01:58]} Rd8 {[%emt 0:00:22]} 23. g3 {[%emt 0:02:33]} Rd1+ {[%emt 0:00:22]} 24. Kg2 {[%emt 0:00:05]} Rxc1 {[%emt 0:00:04]} 25. c6 {[%emt 0:00:18]} Rc2 {[%emt 0:00:59]} 26. Qb4+ {[%emt 0:02:21]} Kf6 {[%emt 0:00:08]} 27. Kh3 {[%emt 0:00:22]} Qxf2 {[%emt 0:00:16]} 28. Qxe4 {[%emt 0:00:28]} Qxh2+ {[%emt 0:00:21]} 29. Kg4 {[%emt 0:00:05]} h5+ {[%emt 0:00:09]} 30. Kf4 {[%emt 0:00:21]} g5+ {[%emt 0:00:52] Ke5+ Kxe5} 0-1

[Event "11th LCC FIDE Open 2019"]
[Site "London"]
[Date "2019.11.30"]
[Round "3.9"]
[White "Gormally, Daniel W"]
[Black "Czerw, Dawid"]
[Result "1-0"]
[WhiteElo "2491"]
[BlackElo "2255"]
[Annotator "TA"]
[PlyCount "87"]
[EventDate "2019.11.29"]
[EventType "swiss"]
[EventCountry "ENG"]
[SourceTitle "playchess.com"]
[Source "ChessBase"]
[SourceQuality "1"]

{[%evp 17,89,35,39,39,41,16,10,6,48,43,53,53,53,48,49,48,57,14,67,5,10,7,8,16,29,0,0,0,-10,0,42,50,52,41,131,131,145,139,144,144,136,139,153,130,167,174,228,225,247,134,227,220,990,586,623,597,854,810,905,904,5800,5385,29968,29967,29973,29963,29978,29976,29981,29982,29981,29978,29976,6187]} 1. d4 Nf6 2. Nf3 e6 3. c4 d5 4. Nc3 c6 5. Bg5 Nbd7 6. e3 Qa5 7. cxd5 exd5 8. Nd2 Ne4 9. Ndxe4 dxe4 10. Bh4 {D52: Queen's Gambit Declined: Cambridge Springs Variation} Nb6 11. a3 $146 (11. Qc2 {keeps more tension.} Be6 12. Be2 f5 13. O-O Bd6 14. g4) ({Predecessor:} 11. Qc2 Nd5 12. Be2 Bb4 13. O-O Bxc3 14. bxc3 Nxc3 15. Bc4 O-O 16. Rfc1 Qh5 17. Bg3 Nd5 18. Qxe4 {1-0 (48) Tran,T (2544)-Barua,D (2448) Mumbai 2018}) 11... Nd5 12. Qc2 {The position is equal.} Nxc3 13. bxc3 Be6 14. Be2 Bd6 15. O-O f5 16. c4 Qc7 17. h3 O-O (17... b6 $11) 18. Rab1 ({Better is} 18. c5 $14 Be7 19. Bg3) 18... b6 19. c5 bxc5 20. dxc5 Be5 21. f4 {[#] And now Bc4 would win.} exf3 $1 22. Bxf3 Rac8 23. Qa4 Bf6 24. Bxf6 Rxf6 25. Rfd1 Rf7 (25... Qe7 $14) 26. Rd6 $16 {[%mdl 64] [#] Double Attack} Bd5 27. Bxd5 cxd5 28. Rxd5 f4 29. exf4 Rxf4 30. Qa6 Rcf8 31. c6 {Threatens to win with Rd7.} Rf2 (31... R4f6 $142) 32. Qc4 $18 {White threatens Rd7+ and mate.} Kh8 33. Rd3 (33. Qc3 $18 {aiming for Rd7.} R2f7 34. Rc1) 33... Qe5 (33... R2f6 $16 {might work better.}) 34. Qd4 $40 {[%mdl 128] White has strong attack.} Qf5 $2 (34... Qxd4 35. Rxd4 Rc2) 35. Re1 Rc2 36. Rc3 Rxc3 37. Qxc3 {[%mdl 4096] Endgame KQR-KQR} h6 38. c7 Qf2+ 39. Kh1 Rc8 40. Rd1 {White mates.} Qf8 41. Qe5 a6 42. Rd7 Kh7 43. Qe4+ Kh8 44. Qd3 {Played: Qe4-d4} 1-0